Intelectuales y política en América Latina /
Guardado en:
| Hovedforfatter: | |
|---|---|
| Format: | Texto |
| Fag: | |
| Tags: |
Tilføj Tag
Ingen Tags, Vær først til at tagge denne postø!
|
MARC
| LEADER | 00000 a a2200000 04500 | ||
|---|---|---|---|
| 001 | 7309 | ||
| 003 | |||
| 040 | |||
| 100 | |a Mansilla, H. C. F. | ||
| 245 | |a Intelectuales y política en América Latina / |c H. C. F. Mansilla | ||
| 500 | |a Disponible también en libro NA 19770.01-04 Intelectuales y política en América Latin: el desencantamiento del espíritu crítico /Hofmeister, Wilhelm, ed |a Mansilla, H.C.F., ed., 2003 | ||
| 650 | |a INTELECTUALES | ||
| 650 | |a PARTICIPACION POLITICA | ||
| 650 | |a PARTICIPACION EN LA VIDA CULTURAL | ||
| 773 | |g volumen 11, número 3; páginas 429-454 | ||
| 999 | |c 25843 |d 25843 | ||
